Đánh giá của người dân về cán bộ cơ sở và tác động của nó đến thái độ và hành động của họ liên quan đến xây dựng nông thôn mới /

Gespeichert in:
Bibliographische Detailangaben
1. Verfasser: Lê Thị Thanh Hương.
Format: Artikel
Sprache:Vietnamese
Schlagworte:
Tags: Tag hinzufügen
Keine Tags, Fügen Sie den ersten Tag hinzu!
Thư viện lưu trữ: Thư viện Trường Đại học Đà Lạt
LEADER 00888nam a2200253 4500
001 DLU180182999
005 ##20180112
040 # # |a DLU  |b vie 
041 # # |a vie 
044 # # |a vn 
100 # # |a Lê Thị Thanh Hương. 
245 # # |a Đánh giá của người dân về cán bộ cơ sở và tác động của nó đến thái độ và hành động của họ liên quan đến xây dựng nông thôn mới /  |c Lê Thị Thanh Hương. 
653 # # |a Định hướng chức năng 
653 # # |a Thái độ 
653 # # |a Xây dựng nông thôn mới  
773 # # |t Tâm lý học  |g Số 6(183), 2014, tr. 18-27 
920 # # |a Phòng Tạp chí -- Trung tâm Thông tin - Thư viện Trường Đại học Đà Lạt 
900 # # |a True 
911 # # |a Nguyễn Thị Thu Phương 
925 # # |a G 
926 # # |a A 
927 # # |a BB 
980 # # |a Thư viện Trường Đại học Đà Lạt